Catalogo general: construcción

Salvato in:
Dettagli Bibliografici
Natura: Libro
Lingua:spagnolo
Pubblicazione: Santiago Ulma 2000
Soggetti:
Tags: Aggiungi Tag
Nessun Tag, puoi essere il primo ad aggiungerne!!

MARC

LEADER 00000nam a2200000 a 4500
001 UCI2284
003 CL-VaPUC
008 070810e20000000CL |||||||||||||||||spa|d
082 0 4 |a 624.183  |b CAT  |2 21 
245 1 0 |a Catalogo general: construcción 
942 |c BK 
945 |d 20070810 00:00:00  |a jtorresc 
260 |a Santiago  |b Ulma  |c 2000 
650 7 |a ENCOFRADO  |2 CL-VaPUC  |9 267807 
650 0 |a Construcción  |9 260195 
650 7 |a CONSTRUCCIONES DE HORMIGON  |2 CL-VaPUC  |9 262574 
650 7 |a TECNOLOGIA DE LA CONSTRUCCION  |2 CL-VaPUC  |9 260196 
650 0 |a Catálogos  |9 256258 
583 |a last modification  |c 20070810 00:00:00  |k Rodrigo Vera 
999 |c 326902  |d 326900 
952 |0 0  |1 0  |4 0  |6 624_183000000000000_CAT_2000  |7 0  |8 F  |9 409157  |a BIBING  |b BIBING  |d 2019-11-22  |i 4359844  |o 624.183 CAT 2000  |p 4359844  |r 2025-01-20  |w 2019-11-22  |y BK_F  |k CIC